01435nam a22003737a 4500003000900000005001700009007000300026008004100029020001800070040002500088082002200113100002900135245007500164250000900239260005800248300002900306490002700335504003300362505002900395505005600424505005700480505007000537505004100607505008000648505007400728505005300802650002700855650002100882650002100903650003800924650001400962700003800976700004701014DO-SdBNP20260330104332.0ta211115b2017 a|||e |||| 001 0dspa d a9789945580471 aDO-SdBNPbspacBNPHU4 222a323.65bH557o10aHernández, Pedro Pablo10aLas obligaciones /cPedro Pablo Hernández ; Lennys Tejada Betancourt a2da. aSantiago de los Caballeros, Rep. Dom. :bUAPA,c2017. a300 p. : bil.; c27 cm. aAutoaprendizaje ;vv.6 aBibliografía : p. 297-300. aUnidad I. La obligacion. aUnidad II. El acto jurídico y su clasificación. aUnidad III. Requisitos del contrato y las nulidades. aUnidad IV. Efecto del contrato y efecto del vínculo crediticio. aUnidad V. Extinción del crédito. aUnidad VI. Interpretación de los contratos y pruebas de las obligaciones. aUnidad VII. Los cuasicontratos y el cumplimiento de las obligaciones. aUnidad VIII. La contraescritura y simulación.40aObligaciones (Derecho)40aActos ilícitos40aActos ilícitos40aObligaciones (Derecho)xContratos40aContratos1 aTejada Betancourt, Lennyseeditor1 aHernández, Luisa eCorrección y estilo